Click the Labour MP- Sudden Death edition - Statistics

General Stats
  • This quiz has been taken 13 times
  • The average score is 4 of 17
Answers on the Grid
Answers color-coded by a green-red scale on the quiz's grid according to % correct below.
Fleur Anderson
Julian Smith
Chris Kane
Chris Curtis
Saqib Bhatti
Alison Griffiths
Damian Hinds
Shaun Davies
Linsey Farnsworth
Ben Coleman
Keir Starmer
Baggy Shanker
Martin McCluskey
Blake Stephenson
Rebecca Smith
Michael Payne
Mike Wood
Charlotte Nichols
Mike Tapp
Gareth Snell
Iqbal Mohamed
Gavin Robinson
Patricia Ferguson
Charlotte Cane
Juliet Campbell
Chris Law
Sam Carling
Natalie Fleet
Steve Darling
Sojan Joseph
 
Answer Stats
Answer % Correct
Keir Starmer
90%
Baggy Shanker
30%
Chris Kane
30%
Fleur Anderson
30%
Martin McCluskey
30%
Sam Carling
30%
Ben Coleman
20%
Chris Curtis
20%
Mike Tapp
20%
Natalie Fleet
20%
Shaun Davies
20%
Charlotte Nichols
10%
Juliet Campbell
10%
Linsey Farnsworth
10%
Michael Payne
10%
Patricia Ferguson
10%
Sojan Joseph
0%
No matching quizzes found
Score Distribution
Percent of People with Each Score
Percentile by Number Answered
Your Score History
You have not taken this quiz